Statistics for Big 10 Conference Cities

Click here to take the quiz!

General Stats

  • This quiz has been taken 738 times
    (680 since last reset)
  • The average score is 10 of 14

Answer Stats

Big 10 TeamsCities% Correct
MichiganAnn Arbor
92%
Ohio StateColumbus
91%
WisconsinMadison
88%
NebraskaLincoln
82%
Michigan StateEast Lansing
80%
MinnesotaMinneapolis-St. Paul
78%
IllinoisUrbana-Champaign
71%
IndianaBloomington
70%
IowaIowa City
70%
NorthwesternEvanston
63%
MarylandCollege Park
57%
PurdueWest Lafayette
56%
Penn StateState College
50%
RutgersNew Brunswick
35%

Score Distribution

Percentile by Number Answered

Percent of People with Each Score

Your Score History

You have not taken this quiz since the last reset